عرض عادي
عرض مارك
- United States
دخول Geographic Name
001 - CONTROL NUMBER
- control field: 20460
003 - CONTROL NUMBER IDENTIFIER
- control field: AE-AdECS
005 - DATE AND TIME OF LATEST TRANSACTION
- control field: 20250924095028.0
008 - FIXED-LENGTH DATA ELEMENTS
- fixed length control field: 250924|| aca||aabn | a|a d
040 ## - CATALOGING SOURCE
- Original cataloging agency: AE-AdECS
- Transcribing agency: AE-AdECS
151 ## - HEADING--GEOGRAPHIC NAME
- Geographic name: United States
- General subdivision: Politics and government
- Chronological subdivision: 1913-1921
670 ## - SOURCE DATA FOUND
- Source citation: Work cat.: (AE-AdECS)292167: Stid, Daniel D. author 20456, The president as statesman :, 2021
